000 00743nam a2200205Ii 4500
003 JO-AjNU
008 230605s9999||||xx |||||||||||||| ||und||
040 _aJO-AjNU
_bara
_erda
_cJO-AjNU
041 _aara
050 1 4 _aBP195.M7.A7834 1993
100 3 _aعطوان، حسين,
_eauthor
_936777
245 0 0 _aالمرجئة والجهمية بخراسان في العصر الأموي
250 _aط1
264 3 1 _aبيروت: دار الجيل، 1993
300 _a93ص
_bالمصادر والمراجع ص77-92
336 _atext
_btxt
_2rdacontent
337 _aunmediated
_bn
_2rdamedia
338 _avolume
_bnc
_2rdacarrier
650 4 _aالفرق الاسلامية- المرجئة- الجهمية- العصر الاموي
_936778
999 _aA15310
_c18878
_d18878